[Event "4NCL Division 1 & 2"]
[Site "Daventry, ENG"]
[Date "2022.06.25"]
[Round "10.72"]
[White "Berry, Neil"]
[Black "Reimanis, Ritvars"]
[Result "1/2-1/2"]
[WhiteElo "2275"]
[BlackElo "2508"]
[PlyCount "79"]
[EventDate "2022.06.25"]
[WhiteTeam "Alba"]
[BlackTeam "Celtic Tigers 1"]

1. d4 d5 2. c4 e6 3. Nf3 Nf6 4. g3 c6 5. Bg2 Nbd7 6. O-O Be7 7. Qc2 b6 8. Nbd2
Bb7 9. e4 dxe4 10. Nxe4 c5 11. Nxf6+ Nxf6 12. Rd1 Qc8 13. d5 exd5 14. cxd5 O-O
15. Nh4 Ne8 16. Nf5 Bd6 17. Re1 Qd7 18. Bg5 f6 19. Bd2 Be5 20. f4 Bd4+ 21. Be3
Bxb2 22. Bh3 Kh8 23. Qxb2 g6 24. Bxc5 Qxd5 25. Ne3 Qxc5 26. Rac1 Qh5 27. Bg4
Qh6 28. Bd7 Qg7 29. Bc6 Bxc6 30. Rxc6 Qd7 31. Rec1 Rd8 32. f5 Qd4 33. Qf2 Ng7
34. fxg6 Rde8 35. R1c3 hxg6 36. R6c4 Qd7 37. Rc7 Qd4 38. R7c4 Qd7 39. Rc7 Qd4
40. R7c4 1/2-1/2

[Event "4NCL Division 1 & 2"]
[Site "Daventry, ENG"]
[Date "2022.06.25"]
[Round "10.73"]
[White "Pein, Malcolm"]
[Black "Morrison, Graham"]
[Result "1/2-1/2"]
[WhiteElo "2307"]
[BlackElo "2223"]
[PlyCount "139"]
[EventDate "2022.06.25"]
[WhiteTeam "Celtic Tigers 1"]
[BlackTeam "Alba"]

1. d4 Nf6 2. c4 e6 3. Nf3 b6 4. g3 Ba6 5. b3 Bb4+ 6. Bd2 Be7 7. Bg2 O-O 8. Nc3
d5 9. cxd5 exd5 10. O-O Re8 11. Rc1 Nbd7 12. Bf4 Nf8 13. Ne5 Bb7 14. Nd3 Ne6
15. Be5 a5 16. f4 c5 17. e3 cxd4 18. exd4 Rc8 19. Bxf6 Bxf6 20. Ne5 Qd6 21. Qd3
Nc7 22. Rfd1 Ba6 23. Qf3 Red8 24. h4 b5 25. Kh2 b4 26. Na4 Ne6 27. Qe3 Bb7 28.
Nc5 Nxc5 29. dxc5 Qe7 30. Qd4 Bxe5 31. fxe5 Bc6 32. Re1 Rc7 33. Rc2 Qe8 34.
Rce2 Re7 35. Bh3 Bd7 36. Bg2 Be6 37. Rc1 Qc6 38. Rd2 Rb7 39. Bf1 Rdb8 40. Bd3
Rc7 41. h5 Rbc8 42. Rf2 Qd7 43. h6 g6 44. c6 Qe7 45. Rfc2 Qg5 46. Qf4 Qxf4 47.
gxf4 f5 48. Rc5 Kf8 49. Kg3 Ra8 50. Rb5 Ke7 51. Kf2 d4 52. Rc2 Kd8 53. Ke2 Raa7
54. Kd2 Rc8 55. Rcc5 Kc7 56. Rxa5 Rca8 57. Rxa7+ Rxa7 58. Bc4 Kb6 59. Rb5+ Kxc6
60. Rxb4 Rxa2+ 61. Kd3 Kc5 62. Rb5+ Kc6 63. Rb8 Bxc4+ 64. Kxc4 Rf2 65. Rc8+ Kd7
66. Rh8 Ke6 67. Re8+ Kd7 68. Rh8 Ke6 69. Re8+ Kd7 70. Rh8 1/2-1/2

[Event "4NCL Division 1 & 2"]
[Site "Daventry, ENG"]
[Date "2022.06.25"]
[Round "10.74"]
[White "McKay, Roderick M"]
[Black "Pein, Jonathan"]
[Result "1/2-1/2"]
[WhiteElo "2213"]
[BlackElo "2229"]
[PlyCount "31"]
[EventDate "2022.06.25"]
[WhiteTeam "Alba"]
[BlackTeam "Celtic Tigers 1"]

1. d3 e5 2. Nf3 d6 3. g3 g6 4. Bg2 Bg7 5. O-O Ne7 6. Nc3 O-O 7. e4 c5 8. Nh4
Nbc6 9. f4 f5 10. exf5 Nxf5 11. Nxf5 Bxf5 12. fxe5 Nxe5 13. Bf4 Qd7 14. Ne4
Rae8 15. Qd2 b6 16. Rae1 1/2-1/2

[Event "4NCL Division 1 & 2"]
[Site "Daventry, ENG"]
[Date "2022.06.25"]
[Round "10.75"]
[White "Kulon, Klaudia"]
[Black "Shafi, Declan"]
[Result "0-1"]
[WhiteElo "2293"]
[BlackElo "2202"]
[PlyCount "70"]
[EventDate "2022.06.25"]
[WhiteTeam "Celtic Tigers 1"]
[BlackTeam "Alba"]

1. c4 g6 2. g3 Bg7 3. Bg2 c5 4. Nc3 Nc6 5. a3 b6 6. Nf3 Bb7 7. O-O e6 8. e3
Nge7 9. d4 d6 10. d5 Na5 11. dxe6 fxe6 12. Nb5 Nc8 13. Ng5 Qxg5 14. Bxb7 Nxb7
15. Nc7+ Kd7 16. Nxa8 Ne7 17. Qa4+ Nc6 18. Qa6 Rb8 19. Rb1 Nbd8 20. e4 Qg4 21.
b4 Rxa8 22. bxc5 dxc5 23. f3 Qh3 24. Bg5 Bd4+ 25. Kh1 Kc7 26. Bf4+ e5 27. Bd2
Nb7 28. a4 h5 29. a5 Nbxa5 30. f4 h4 31. Rf3 Qg4 32. Rbf1 hxg3 33. Rxg3 Qe2 34.
Rgf3 Rh8 35. h3 Rxh3+ 0-1

[Event "4NCL Division 1 & 2"]
[Site "Daventry, ENG"]
[Date "2022.06.25"]
[Round "10.76"]
[White "Gordon, Frederick"]
[Black "Zulfic, Fedja"]
[Result "1/2-1/2"]
[WhiteElo "1939"]
[BlackElo "2222"]
[PlyCount "89"]
[EventDate "2022.06.25"]
[WhiteTeam "Alba"]
[BlackTeam "Celtic Tigers 1"]

1. e4 c5 2. Nf3 d6 3. Bb5+ Nd7 4. c3 a6 5. Ba4 b5 6. Bc2 Ngf6 7. O-O e6 8. d4
Be7 9. a4 Bb7 10. Re1 O-O 11. Qe2 bxa4 12. Rxa4 e5 13. dxe5 dxe5 14. c4 Ne8 15.
Rd1 Nd6 16. b3 f5 17. Nc3 Qe8 18. Bg5 Nxe4 19. Nxe4 fxe4 20. Bxe4 Bxe4 21. Qxe4
Bxg5 22. Nxg5 Nf6 23. Qe2 h6 24. Ne4 Qc6 25. Nxf6+ Qxf6 26. h3 Rad8 27. Rd5
Rxd5 28. cxd5 Qd6 29. Qd3 Rd8 30. Rxa6 Qxd5 31. Qg6 Qf7 32. Qg4 Qxb3 33. Kh2
Qf7 34. Rxh6 Qf4+ 35. Qxf4 exf4 36. Rc6 Rd5 37. h4 g5 38. hxg5 Rxg5 39. Rf6
Rh5+ 40. Kg1 Rh4 41. Rf5 c4 42. Rc5 f3 43. gxf3 Kf7 44. Kg2 Ke6 45. Kg3 1/2-1/2

[Event "4NCL Division 1 & 2"]
[Site "Daventry, ENG"]
[Date "2022.06.25"]
[Round "10.77"]
[White "Quinn, John M"]
[Black "White, Stuart A"]
[Result "1/2-1/2"]
[WhiteElo "2208"]
[BlackElo "2023"]
[PlyCount "61"]
[EventDate "2022.06.25"]
[WhiteTeam "Celtic Tigers 1"]
[BlackTeam "Alba"]

1. d4 Nf6 2. c4 e6 3. Nc3 Bb4 4. Qc2 O-O 5. Nf3 d5 6. Bg5 c5 7. dxc5 h6 8. Bxf6
Qxf6 9. e3 Nd7 10. Rc1 Nxc5 11. a3 Bxc3+ 12. Qxc3 Qxc3+ 13. Rxc3 Ne4 14. Rc1
Rd8 15. Be2 b6 16. cxd5 Rxd5 17. O-O Bb7 18. Rc7 Rb8 19. b4 Nf6 20. Nd4 Ne8 21.
Rc2 Rbd8 22. Bf3 R5d7 23. Bxb7 Rxb7 24. Rfc1 Kf8 25. Kf1 e5 26. Nc6 Rd3 27.
Nxe5 Rxa3 28. Rc8 f6 29. Nc4 Rd3 30. Ke2 Rbd7 31. Rc2 1/2-1/2

[Event "4NCL Division 1 & 2"]
[Site "Daventry, ENG"]
[Date "2022.06.25"]
[Round "10.81"]
[White "Cherniaev, Alexander"]
[Black "Walker, Martin G"]
[Result "1-0"]
[WhiteElo "2465"]
[BlackElo "2239"]
[PlyCount "89"]
[EventDate "2022.06.25"]
[WhiteTeam "Barnet Knights A"]
[BlackTeam "Anglian Avengers"]

1. e4 e5 2. Nc3 Nf6 3. f4 d5 4. fxe5 Nxe4 5. Qf3 Nxc3 6. dxc3 Qh4+ 7. g3 Qe4+
8. Qxe4 dxe4 9. Bf4 Bf5 10. Ne2 Nc6 11. Nd4 Nxd4 12. cxd4 O-O-O 13. c3 f6 14.
exf6 gxf6 15. Bg2 Bg7 16. O-O Bg6 17. Bh3+ Kb8 18. Be3 Rhe8 19. Rf2 Re7 20. Bf5
b6 21. Raf1 Kb7 22. g4 Rg8 23. Kh1 Bh8 24. Rg2 Bxf5 25. Rxf5 Rg6 26. Rh5 Rg8
27. Kg1 Reg7 28. h3 Rd7 29. Kf2 c6 30. Ke2 Rg6 31. Rf2 Kc7 32. Rff5 Kd8 33. Bf4
Kc8 34. Ke3 Re7 35. Bg3 Bg7 36. Bf4 Bh8 37. Bd6 Rd7 38. Ba3 Rg8 39. Rf4 Kb7 40.
Rxe4 Kc8 41. Re6 Kb7 42. Bd6 Rgg7 43. Ke4 Ka6 44. c4 Rg8 45. b3 1-0

[Event "4NCL Division 1 & 2"]
[Site "Daventry, ENG"]
[Date "2022.06.25"]
[Round "10.82"]
[White "Maycock Bates, David Henry"]
[Black "Rocco, Federico"]
[Result "1-0"]
[WhiteElo "2224"]
[BlackElo "2197"]
[PlyCount "61"]
[EventDate "2022.06.25"]
[WhiteTeam "Anglian Avengers"]
[BlackTeam "Barnet Knights A"]

1. e4 c5 2. Nf3 d6 3. d4 cxd4 4. Nxd4 Nf6 5. Nc3 a6 6. Be3 e5 7. Nb3 Be6 8. f3
Be7 9. Qd2 O-O 10. g4 d5 11. exd5 Nxd5 12. Nxd5 Bxd5 13. Be2 Bh4+ 14. Kf1 f5
15. Rd1 Bc6 16. Qxd8 Bxd8 17. Nc5 Bh4 18. Ne6 Rf7 19. Bf2 Bd7 20. Rxd7 Nxd7 21.
Bxh4 Rc8 22. c3 fxg4 23. Kg2 h6 24. Rd1 g5 25. Bf2 gxf3+ 26. Bxf3 Nf6 27. Nc5
Rcc7 28. Rd6 g4 29. Bd1 Kf8 30. Bb3 Ne8 31. Rd2 1-0

[Event "4NCL Division 1 & 2"]
[Site "Daventry, ENG"]
[Date "2022.06.25"]
[Round "10.83"]
[White "Smith, Andrew Philip"]
[Black "Lewis, Andrew P"]
[Result "0-1"]
[WhiteElo "2213"]
[BlackElo "2254"]
[PlyCount "79"]
[EventDate "2022.06.25"]
[WhiteTeam "Barnet Knights A"]
[BlackTeam "Anglian Avengers"]

1. e4 c5 2. Nf3 Nc6 3. d4 cxd4 4. Nxd4 Nf6 5. Nc3 d6 6. Bg5 e6 7. Be2 Be7 8.
O-O O-O 9. Kh1 h6 10. Be3 e5 11. Nb3 a5 12. a4 Nb4 13. f4 Be6 14. Bf3 Rc8 15.
Rf2 exf4 16. Bxf4 Qb6 17. Nd4 Nc6 18. Be3 Qd8 19. Nxe6 fxe6 20. Qe2 Ne5 21. Rd1
Rc4 22. Rd4 Qc8 23. h3 Rxd4 24. Bxd4 Nc6 25. Be3 Ne5 26. Bd4 Nc6 27. Be3 Ne5
28. Qb5 Nfd7 29. Be2 Bg5 30. Rxf8+ Qxf8 31. Bg1 Qf4 32. Qxb7 Qd2 33. Bb5 Nf8
34. Qb6 Qxc2 35. Qxd6 Bf6 36. Qa3 Neg6 37. Bc4 Nf4 38. Bf1 Qc1 39. Ne2 Nxe2 40.
Bxe2 0-1

[Event "4NCL Division 1 & 2"]
[Site "Daventry, ENG"]
[Date "2022.06.25"]
[Round "10.84"]
[White "Talsma, Paul"]
[Black "Villiers, Thomas"]
[Result "1/2-1/2"]
[WhiteElo "2182"]
[BlackElo "2201"]
[PlyCount "201"]
[EventDate "2022.06.25"]
[WhiteTeam "Anglian Avengers"]
[BlackTeam "Barnet Knights A"]

1. d4 Nf6 2. c4 g6 3. Nc3 d5 4. Nf3 Bg7 5. Qa4+ Nc6 6. Bg5 Be6 7. Bxf6 exf6 8.
cxd5 Bxd5 9. e4 Bxe4 10. d5 O-O 11. Nxe4 f5 12. Nc3 Re8+ 13. Be2 Bxc3+ 14. bxc3
Qxd5 15. Qc2 Qe6 16. Rd1 Qc4 17. Rd2 Rad8 18. Rxd8 Nxd8 19. Nd4 Nc6 20. Nxc6
bxc6 21. Kf1 Qd5 22. c4 Qe5 23. g3 Rb8 24. Bf3 Rb2 25. Qc1 Qd4 26. Qe3 Qxc4+
27. Kg2 Qxa2 28. Rd1 Rb8 29. Qe7 Qe6 30. Qxc7 Rc8 31. Qxa7 f4 32. Rd7 fxg3 33.
hxg3 Qf6 34. Qb7 Rd8 35. Qxc6 Qg5 36. Ra7 h5 37. Qb7 Qf5 38. Qe7 Rf8 39. Ra4
Qb5 40. Rf4 Qe8 41. Qf6 Qd8 42. Qc6 Qc8 43. Qd5 Qa6 44. Kh2 Kg7 45. Qe5+ f6 46.
Qd5 Qa7 47. Be4 Qf7 48. Qd4 Re8 49. Bc2 Qe7 50. Qd3 f5 51. Rd4 Qe5 52. Rd5 Qf6
53. Rd7+ Re7 54. Rd8 h4 55. Bb3 hxg3+ 56. Qxg3 Re4 57. Rg8+ Kh7 58. f4 Re2+ 59.
Kh3 Rd2 60. Rb8 Rd7 61. Qh4+ Qxh4+ 62. Kxh4 Kh6 63. Rb6 Rd4 64. Kg3 Kh5 65. Kf3
Rd3+ 66. Ke2 Rh3 67. Bf7 Kg4 68. Rxg6+ Kxf4 69. Ra6 Rh2+ 70. Kd3 Rh3+ 71. Kd4
Re3 72. Bd5 Re1 73. Bc4 Re4+ 74. Kd3 Re8 75. Kd2 Kg3 76. Rf6 f4 77. Be2 Re4 78.
Ke1 Kh4 79. Kf2 Kg5 80. Rf8 Re3 81. Rh8 Kf5 82. Bf3 Rb3 83. Rh5+ Kf6 84. Ra5
Re3 85. Bg4 Re5 86. Ra8 Re3 87. Rb8 Kg5 88. Bd1 Rc3 89. Rf8 Ra3 90. Bc2 Ra2 91.
Rc8 Kg4 92. Ke2 Kg3 93. Rg8+ Kh2 94. Rc8 Kg3 95. Ke1 f3 96. Bd1 Ra1 97. Rg8+
Kh3 98. Rf8 Kg2 99. Rg8+ Kh3 100. Rd8 Kg2 101. Rg8+ 1/2-1/2

[Event "4NCL Division 1 & 2"]
[Site "Daventry, ENG"]
[Date "2022.06.25"]
[Round "10.85"]
[White "Brozel, Sacha"]
[Black "Peck, Silas"]
[Result "1-0"]
[WhiteElo "2281"]
[BlackElo "2077"]
[PlyCount "51"]
[EventDate "2022.06.25"]
[WhiteTeam "Barnet Knights A"]
[BlackTeam "Anglian Avengers"]

1. Nf3 d5 2. g3 Nf6 3. Bg2 c6 4. c4 e6 5. O-O Be7 6. b3 O-O 7. Bb2 Nbd7 8. e3
b6 9. Nc3 Ba6 10. Qe2 Rc8 11. d3 c5 12. Rfd1 Nb8 13. Ne5 Qc7 14. Ng4 Nfd7 15.
cxd5 h5 16. Nh6+ gxh6 17. Ne4 exd5 18. Qxh5 Qc6 19. Bh3 dxe4 20. Bf5 Rfd8 21.
dxe4 Bf6 22. Qxh6 Bxb2 23. Bh7+ Kh8 24. Bg6+ Kg8 25. Qh7+ Kf8 26. Qxf7# 1-0

[Event "4NCL Division 1 & 2"]
[Site "Daventry, ENG"]
[Date "2022.06.25"]
[Round "10.86"]
[White "Sheerin, Alex"]
[Black "Stoica, Savas Marin"]
[Result "0-1"]
[WhiteElo "1979"]
[BlackElo "2188"]
[PlyCount "60"]
[EventDate "2022.06.25"]
[WhiteTeam "Anglian Avengers"]
[BlackTeam "Barnet Knights A"]

1. d4 Nf6 2. Bf4 g6 3. Nc3 d5 4. e3 Bg7 5. h4 h5 6. Nf3 Bg4 7. Be2 Bxf3 8. gxf3
a6 9. Qd2 Nbd7 10. e4 Nf8 11. Be3 Qd7 12. Bd3 Ne6 13. Rg1 c5 14. exd5 Nxd4 15.
Be2 O-O 16. O-O-O Nxd5 17. Nxd5 Qxd5 18. Kb1 Qe6 19. Rg3 Nf5 20. Rdg1 Rad8 21.
Qc1 Nxg3 22. fxg3 Bd4 23. Bxd4 Rxd4 24. Qf1 Rfd8 25. g4 hxg4 26. fxg4 Qe3 27.
h5 Rf4 28. Qe1 Rf2 29. Qa5 Rd6 30. Bd3 Rxc2 0-1

[Event "4NCL Division 1 & 2"]
[Site "Daventry, ENG"]
[Date "2022.06.25"]
[Round "10.87"]
[White "Josse, Mark"]
[Black "Myall, Ivan J"]
[Result "1/2-1/2"]
[WhiteElo "2217"]
[BlackElo "1979"]
[PlyCount "83"]
[EventDate "2022.06.25"]
[WhiteTeam "Barnet Knights A"]
[BlackTeam "Anglian Avengers"]

1. c4 c6 2. e4 d5 3. exd5 cxd5 4. cxd5 Nf6 5. Nc3 Nxd5 6. Bc4 Nb6 7. Bb3 Nc6 8.
Nf3 e6 9. d4 Be7 10. O-O O-O 11. Ne4 Nd5 12. Qd3 h6 13. a3 f5 14. Ng3 Bd6 15.
Re1 Qf6 16. Bd2 Kh8 17. Bc3 Nce7 18. Ne5 Nf4 19. Qf3 Ned5 20. Bxd5 Nxd5 21. Nh5
Qg5 22. h4 Qd8 23. Ng6+ Kg8 24. Nxf8 Kxf8 25. g3 g6 26. Bd2 gxh5 27. Bxh6+ Kg8
28. Qxh5 Qf6 29. Qe8+ Bf8 30. Rac1 Qxh6 31. Rxc8 Rxc8 32. Qxc8 Kf7 33. Qxb7+
Be7 34. Qd7 f4 35. g4 Qg6 36. g5 Qf5 37. Re5 Qg4+ 38. Kf1 Qd1+ 39. Kg2 Qg4+ 40.
Kf1 f3 41. Rxd5 Qg2+ 42. Ke1 1/2-1/2

[Event "4NCL Division 1 & 2"]
[Site "Daventry, ENG"]
[Date "2022.06.25"]
[Round "10.88"]
[White "Mullaparthi, Ganesh"]
[Black "Willmoth, Robert F"]
[Result "0-1"]
[WhiteElo "1964"]
[BlackElo "2106"]
[PlyCount "54"]
[EventDate "2022.06.25"]
[WhiteTeam "Anglian Avengers"]
[BlackTeam "Barnet Knights A"]

1. e4 d6 2. d4 Nf6 3. Nc3 g6 4. Be3 c6 5. f3 Nbd7 6. Qd2 b5 7. g4 a6 8. O-O-O
b4 9. Nce2 Qa5 10. Kb1 Rb8 11. Nc1 h5 12. g5 Nh7 13. Nb3 Qc7 14. h4 Bg7 15. f4
a5 16. Bd3 a4 17. Nc1 c5 18. dxc5 Nxc5 19. Bc4 O-O 20. Bd3 b3 21. a3 bxc2+ 22.
Qxc2 Rxb2+ 23. Qxb2 Bxb2 24. Kxb2 Bg4 25. Nge2 Rb8+ 26. Ka2 Nxd3 27. Rxd3 Qc2+
0-1

[Event "4NCL Division 1 & 2"]
[Site "Daventry, ENG"]
[Date "2022.06.25"]
[Round "10.91"]
[White "Stepanyan, Henrik"]
[Black "Gormally, Daniel W"]
[Result "1/2-1/2"]
[WhiteElo "2198"]
[BlackElo "2470"]
[PlyCount "84"]
[EventDate "2022.06.25"]
[WhiteTeam "Warwickshire Select 1"]
[BlackTeam "Blackthorne"]

1. d4 Nf6 2. c4 g6 3. Nc3 d5 4. cxd5 Nxd5 5. Bd2 Bg7 6. e4 Nb6 7. Be3 Nc6 8. d5
Ne5 9. f4 Ng4 10. Bd4 O-O 11. Bxg7 Kxg7 12. Nf3 c6 13. Qd4+ Nf6 14. dxc6 bxc6
15. Be2 Qc7 16. Ne5 Rd8 17. Qe3 Nbd7 18. Nxd7 Rxd7 19. O-O Qb6 20. Qxb6 axb6
21. Rfd1 Raa7 22. Bf3 e6 23. Rac1 Rxd1+ 24. Rxd1 Bd7 25. a3 h5 26. g3 Kf8 27.
Kf2 Ke7 28. Ke3 Ra5 29. h4 e5 30. fxe5 Rxe5 31. Kf4 Ra5 32. e5 Ne8 33. Rd4 Ng7
34. Rb4 Ne6+ 35. Ke4 b5 36. Be2 c5 37. Rxb5 Bxb5 38. Bxb5 Nd4 39. Bc4 Nf5 40.
Kf4 Ra8 41. a4 Kf8 42. b3 Ke7 1/2-1/2

[Event "4NCL Division 1 & 2"]
[Site "Daventry, ENG"]
[Date "2022.06.25"]
[Round "10.92"]
[White "Ansell, Simon T"]
[Black "James, Russell A"]
[Result "1-0"]
[WhiteElo "2427"]
[BlackElo "2156"]
[PlyCount "78"]
[EventDate "2022.06.25"]
[WhiteTeam "Blackthorne"]
[BlackTeam "Warwickshire Select 1"]

1. e4 c5 2. Nf3 d6 3. d4 cxd4 4. Qxd4 Nf6 5. Be2 Nc6 6. Qe3 g6 7. h3 d5 8. exd5
Nxd5 9. Qb3 Nb6 10. O-O Bg7 11. Rd1 Bd7 12. a4 O-O 13. a5 Nc8 14. Bg5 Qc7 15.
Nc3 Be6 16. Nb5 Qb8 17. Qe3 Nd6 18. Bf4 Qc8 19. Nxd6 exd6 20. a6 Re8 21. Qd2 d5
22. c3 bxa6 23. Bxa6 Qd8 24. Bb7 Qb6 25. Bxa8 Rxa8 26. Be3 Qb7 27. Nd4 Ne5 28.
b3 Bd7 29. Ra2 a5 30. Bh6 Bh8 31. Rda1 a4 32. bxa4 Rc8 33. a5 Nc4 34. Qe1 Re8
35. Re2 Re4 36. a6 Qa8 37. a7 f5 38. Rxe4 dxe4 39. Qb1 Bc8 1-0

[Event "4NCL Division 1 & 2"]
[Site "Daventry, ENG"]
[Date "2022.06.25"]
[Round "10.93"]
[White "Mason, Donald J"]
[Black "Bates, Richard A"]
[Result "1/2-1/2"]
[WhiteElo "2184"]
[BlackElo "2397"]
[PlyCount "34"]
[EventDate "2022.06.25"]
[WhiteTeam "Warwickshire Select 1"]
[BlackTeam "Blackthorne"]

1. e4 c5 2. Nf3 d6 3. d4 cxd4 4. Nxd4 Nf6 5. Nc3 a6 6. Bg5 Nc6 7. Qd2 e6 8.
O-O-O Bd7 9. f3 Be7 10. h4 b5 11. Kb1 Rb8 12. Nxc6 Bxc6 13. Bxf6 gxf6 14. Ne2
d5 15. Nd4 Ba8 16. Bd3 Bc5 17. Nb3 Bb6 1/2-1/2

[Event "4NCL Division 1 & 2"]
[Site "Daventry, ENG"]
[Date "2022.06.25"]
[Round "10.94"]
[White "Ledger, Andrew J"]
[Black "Paterson, Andrew I"]
[Result "1-0"]
[WhiteElo "2343"]
[BlackElo "2140"]
[PlyCount "23"]
[EventDate "2022.06.25"]
[WhiteTeam "Blackthorne"]
[BlackTeam "Warwickshire Select 1"]

1. d4 d5 2. c4 e6 3. Nf3 c6 4. Qc2 Nf6 5. Bg5 h6 6. Bh4 dxc4 7. Qxc4 Nbd7 8. e3
Qa5+ 9. Nc3 Ne4 10. Bd3 Nxc3 11. Qxe6+ fxe6 12. Bg6# 1-0

[Event "4NCL Division 1 & 2"]
[Site "Daventry, ENG"]
[Date "2022.06.25"]
[Round "10.95"]
[White "Shearsby, Jude"]
[Black "Webb, Laurence E"]
[Result "0-1"]
[WhiteElo "2063"]
[BlackElo "2279"]
[PlyCount "94"]
[EventDate "2022.06.25"]
[WhiteTeam "Warwickshire Select 1"]
[BlackTeam "Blackthorne"]

1. e4 e6 2. d4 d5 3. Nc3 Bb4 4. e5 c5 5. a3 Bxc3+ 6. bxc3 Qa5 7. Bd2 Qa4 8. Qb1
c4 9. Be2 Nc6 10. Bh5 g6 11. Bf3 Bd7 12. Ne2 O-O-O 13. O-O h6 14. Nf4 Nge7 15.
Ra2 Rdf8 16. Re1 f6 17. exf6 Rxf6 18. Bg4 Nd8 19. Qb4 Qxb4 20. axb4 a6 21. b5
Bxb5 22. Nxe6 Nxe6 23. Rxe6 Rxe6 24. Bxe6+ Bd7 25. Bxd7+ Kxd7 26. g4 Nc6 27. h4
h5 28. gxh5 gxh5 29. Rb2 b5 30. Kg2 Re8 31. Ra2 a5 32. Rb2 Rb8 33. Kf3 b4 34.
cxb4 axb4 35. c3 b3 36. Kf4 Rg8 37. Kf5 Rf8+ 38. Kg5 Rxf2 39. Kxh5 Nxd4 40. Bc1
Rf1 41. Be3 Nf5 42. Bg5 Ng3+ 43. Kg6 Ne4 44. Bd2 Ke6 45. h5 Rg1+ 46. Kh7 Nf6+
47. Kh6 Rh1 0-1

[Event "4NCL Division 1 & 2"]
[Site "Daventry, ENG"]
[Date "2022.06.25"]
[Round "10.96"]
[White "Ledger, Dave J"]
[Black "Pal, Rohan"]
[Result "1-0"]
[WhiteElo "2242"]
[BlackElo "2029"]
[PlyCount "59"]
[EventDate "2022.06.25"]
[WhiteTeam "Blackthorne"]
[BlackTeam "Warwickshire Select 1"]

1. e4 c5 2. Nf3 Nc6 3. d4 cxd4 4. Nxd4 Nf6 5. Nc3 e6 6. Nxc6 bxc6 7. e5 Nd5 8.
Ne4 Qc7 9. f4 Qb6 10. c4 Bb4+ 11. Ke2 f5 12. exf6 Nxf6 13. Be3 Qd8 14. Nd6+
Bxd6 15. Qxd6 Bb7 16. c5 Nd5 17. Kf3 Qf6 18. Rd1 Rf8 19. Rd4 O-O-O 20. Bd3 e5
21. Qxf6 Rxf6 22. Re4 exf4 23. Bd4 Rf7 24. Be5 g5 25. Bd6 Rg8 26. Rhe1 Ne3 27.
Bc4 g4+ 28. Kf2 Rff8 29. Bxg8 Rxg8 30. Bxf4 1-0

[Event "4NCL Division 1 & 2"]
[Site "Daventry, ENG"]
[Date "2022.06.25"]
[Round "10.97"]
[White "Dicen, Elis Denele"]
[Black "Ledger, Stephen C"]
[Result "1-0"]
[WhiteElo "1948"]
[BlackElo "2161"]
[PlyCount "103"]
[EventDate "2022.06.25"]
[WhiteTeam "Warwickshire Select 1"]
[BlackTeam "Blackthorne"]

1. d4 Nf6 2. Bg5 d5 3. Bxf6 exf6 4. e3 Bd6 5. c4 dxc4 6. Bxc4 O-O 7. Nc3 c6 8.
Nf3 f5 9. O-O Nd7 10. Qc2 Nf6 11. Rfd1 Qe7 12. Rac1 Bd7 13. a3 g6 14. Bd3 Rfe8
15. Na4 b6 16. Nc3 Rac8 17. h3 Bb8 18. b4 Ne4 19. Bc4 Ng5 20. Ne5 Bxe5 21. dxe5
Be6 22. Ba6 Rc7 23. f4 Ne4 24. Nxe4 fxe4 25. Qxe4 c5 26. bxc5 Rxc5 27. a4 Qc7
28. Rxc5 Qxc5 29. Qd4 Qa3 30. Bb5 Rc8 31. Kh2 Kg7 32. e4 Rc1 33. f5 Rxd1 34.
f6+ Kh6 35. Qxd1 Qe3 36. Qf3 Qxf3 37. gxf3 g5 38. Kg3 Bb3 39. h4 a6 40. hxg5+
Kxg5 41. Bxa6 h5 42. f4+ Kh6 43. Bb5 Kh7 44. Kh4 Bc2 45. Be8 Kg8 46. Kxh5 Bxe4
47. Kg5 Kf8 48. Bb5 Bd5 49. f5 Bb3 50. Bd7 Bc4 51. e6 fxe6 52. fxe6 1-0

[Event "4NCL Division 1 & 2"]
[Site "Daventry, ENG"]
[Date "2022.06.25"]
[Round "10.98"]
[White "Varney, Zoe"]
[Black "Sandhu, Manvith"]
[Result "1-0"]
[WhiteElo "2101"]
[BlackElo "1965"]
[PlyCount "119"]
[EventDate "2022.06.25"]
[WhiteTeam "Blackthorne"]
[BlackTeam "Warwickshire Select 1"]

1. e4 c5 2. Nf3 e6 3. d4 cxd4 4. Nxd4 a6 5. Bd3 Nf6 6. O-O Qc7 7. Qe2 d6 8. c4
Be7 9. Nc3 O-O 10. f4 Nbd7 11. Kh1 b6 12. Bd2 Bb7 13. f5 e5 14. Nb3 Nc5 15.
Nxc5 dxc5 16. g4 h6 17. g5 hxg5 18. Bxg5 Nxe4 19. Nxe4 Bxg5 20. f6 g6 21. Rf3
Bf4 22. Rg1 Rad8 23. Rh3 Rxd3 24. Rxd3 Qc6 25. Re1 Qxf6 26. Qg2 Qh4 27. Re2 Kg7
28. Rd7 Rd8 29. Rd5 Rxd5 30. cxd5 Bxd5 31. Kg1 f5 32. Qf2 Qh6 33. Ng3 Bc4 34.
Re1 Qg5 35. Qf3 Qe7 36. Qxf4 exf4 37. Rxe7+ Kf6 38. Rb7 fxg3 39. Rxb6+ Kg5 40.
hxg3 Bxa2 41. Rxa6 Bb3 42. Kf2 c4 43. Rd6 Bc2 44. Ke3 Bb3 45. Rc6 Ba2 46. Kd4
Bb3 47. Rxc4 Bxc4 48. Kxc4 Kg4 49. b4 Kxg3 50. b5 f4 51. b6 f3 52. b7 f2 53.
b8=Q+ Kg2 54. Qb7+ Kg1 55. Qb6 Kg2 56. Qc6+ Kg1 57. Qc5 g5 58. Kd3 Kg2 59. Qd5+
Kg1 60. Qd4 1-0

[Event "4NCL Division 1 & 2"]
[Site "Daventry, ENG"]
[Date "2022.06.25"]
[Round "10.101"]
[White "Harakis, Alexis M"]
[Black "Jones, Steven A"]
[Result "0-1"]
[WhiteElo "2298"]
[BlackElo "2244"]
[PlyCount "80"]
[EventDate "2022.06.25"]
[WhiteTeam "KJCA Kings"]
[BlackTeam "West is Best 1"]

1. d4 Nf6 2. c4 g6 3. Nc3 d5 4. cxd5 Nxd5 5. e4 Nxc3 6. bxc3 Bg7 7. Bb5+ c6 8.
Ba4 O-O 9. h4 c5 10. d5 Bxc3+ 11. Bd2 Qa5 12. Bxc3 Qxc3+ 13. Kf1 Qc4+ 14. Ne2
Qxe4 15. Rc1 Bd7 16. Bc2 Qe5 17. h5 Na6 18. hxg6 fxg6 19. Qd3 Nb4 20. Qc4 Qf6
21. f3 b5 22. Qc3 Nxc2 23. Rxc2 c4 24. Qe3 Bf5 25. Rc1 Bd3 26. Kf2 Rad8 27. Nc3
b4 28. Ne4 Qb2+ 29. Kg1 Rxd5 30. Nf2 Qe5 31. Qxa7 c3 32. Qb7 Rb5 33. Qa7 Bf5
34. g4 Ra5 35. f4 Rxa7 36. fxe5 Be6 37. Rh3 Rxa2 38. Ne4 Bd5 39. Ng5 Rg2+ 40.
Kh1 Rxg4+ 0-1

[Event "4NCL Division 1 & 2"]
[Site "Daventry, ENG"]
[Date "2022.06.25"]
[Round "10.102"]
[White "Cooper, John G"]
[Black "Merriman, John"]
[Result "0-1"]
[WhiteElo "2237"]
[BlackElo "2285"]
[PlyCount "64"]
[EventDate "2022.06.25"]
[WhiteTeam "West is Best 1"]
[BlackTeam "KJCA Kings"]

1. d4 Nf6 2. c4 e6 3. Nc3 Bb4 4. Bg5 d5 5. cxd5 exd5 6. e3 h6 7. Bh4 g5 8. Bg3
Ne4 9. Nge2 h5 10. h3 Nxg3 11. Nxg3 h4 12. Nh5 c6 13. Be2 Nd7 14. O-O Qe7 15.
Bg4 O-O 16. Qd3 f5 17. Bd1 Nf6 18. Nxf6+ Rxf6 19. f4 Qg7 20. fxg5 Qxg5 21. Ne2
Bd6 22. Nf4 Bd7 23. Bc2 Rf7 24. Rf3 Rg7 25. Qd2 Kf7 26. Raf1 Rag8 27. R1f2 Ke7
28. b4 a6 29. a4 b5 30. Nd3 Bg3 31. Re2 Qh5 32. Nf4 Qxf3 0-1

[Event "4NCL Division 1 & 2"]
[Site "Daventry, ENG"]
[Date "2022.06.25"]
[Round "10.103"]
[White "Ratnesan, Ranesh"]
[Black "Blackburn, Jonathan L B"]
[Result "1/2-1/2"]
[WhiteElo "2280"]
[BlackElo "2229"]
[PlyCount "86"]
[EventDate "2022.06.25"]
[WhiteTeam "KJCA Kings"]
[BlackTeam "West is Best 1"]

1. d4 Nf6 2. c4 g6 3. Nf3 Bg7 4. g3 O-O 5. Bg2 d6 6. O-O Nbd7 7. Nc3 e5 8. e4
a6 9. h3 exd4 10. Nxd4 Ne5 11. Qe2 c5 12. Nc2 Be6 13. b3 Nc6 14. Bb2 Nh5 15.
Rad1 Qa5 16. Qd2 Rad8 17. a4 b5 18. axb5 axb5 19. Ra1 Qb6 20. Nd5 Bxd5 21. Bxg7
Nxg7 22. cxd5 Ne5 23. Kh2 f5 24. f4 Nd7 25. exf5 Nxf5 26. Rae1 Rde8 27. Qd3 c4
28. bxc4 bxc4 29. Qd2 Qb3 30. Rf3 Qb2 31. Rc3 Rc8 32. h4 Nf6 33. Bf3 Rc5 34.
Re2 Rb8 35. Nd4 Qxd2 36. Rxd2 Nxd4 37. Rxd4 Rb3 38. Rxb3 cxb3 39. Rb4 Rc2+ 40.
Kh3 b2 41. g4 Nd7 42. Be4 Re2 43. Bb1 Nc5 1/2-1/2